000 00603nam a22002297a 4500
003 UA-OsUOA
001 96827
007 ta
008 20130322b un ||||| |||| 00| 0 ukr d
100 _aМенюк Дж.
090 _a821.135.2
_bМ50
942 _cBK
040 _aUA-OsUOA
_bukr
_cUA-OsUOA
_dUA-OsUOA
245 _aДельфін
_bоповідання і повість
300 _a174 с.
955 _a3
041 _aukr
080 _a821.135.2
260 _aК.
_bДніпро
_c1976
650 7 _a82 Література. Літературознавство
_2UDC
999 _c383081
_d383081